Traité de biologie / (Record no. 90187)

MARC details
000 -LEADER
campo de control de longitud fija 00534nam a2200193 i 4500
001 - NÚMERO DE CONTROL
campo de control 90187
003 - IDENTIFICADOR DE NÚMERO DE CONTROL
campo de control ES-MaACL
005 - FECHA Y HORA DE LA ÚLTIMA TRANSACCIÓN
campo de control 20250814011832.0
007 - CAMPO FIJO DE DESCRIPCIÓN FÍSICA--INFORMACIÓN GENERAL
campo de control de longitud fija t|
008 - DATOS DE LONGITUD FIJA--INFORMACIÓN GENERAL
campo de control de longitud fija 050119s1906 fr ||||1| fre d
100 1# - ENTRADA PRINCIPAL--NOMBRE DE PERSONA
Nombre de persona Le Dantec, Félix.
9 (RLIN) 70865
245 10 - MENCIÓN DEL TÍTULO
Título Traité de biologie /
Mención de responsabilidad, etc. Félix Le Dantec.
250 ## - MENCION DE EDICION
Mención de edición 2eme ed. rev.
260 ## - PUBLICACIÓN, DISTRIBUCIÓN, ETC.
Lugar de publicación, distribución, etc. [S.l. :
Nombre del editor, distribuidor, etc. s.n.,
Fecha de publicación, distribución, etc. 1906] (
Lugar de fabricación/manufactura Evreux :
Fabricante Charles Herisey)
300 ## - DESCRIPCIÓN FÍSICA
Extensión IV, 553 p. ;
Dimensiones 25 cm.
650 07 - PUNTO DE ACCESO ADICIONAL DE MATERIA--TÉRMINO DE MATERIA
Término de materia o nombre geográfico como elemento de entrada Biología
Fuente del encabezamiento o término embne
9 (RLIN) 10580
852 ## - LOCALIZACIÓN
Ubicación ES-MaACL
Número de control de estantería E-1348
Holdings
Estatus retirado Estado de pérdida Estado de daño No para préstamo Biblioteca de origen Biblioteca actual Ubicación en estantería Fecha de adquisición Fuente de adquisición Total de préstamos Signatura topográfica completa Código de barras Visto por última vez Precio de reemplazo Tipo de ítem Koha
        Biblioteca del Ateneo de Madrid Biblioteca del Ateneo de Madrid Depósito 2 17/01/2008     E-1348 1094180 23/02/2023 23/02/2023 Libro impreso